000 01382nam0a2200337 i 4500
001 RU\NLR\bibl\2036377
005 20240723102714.0
010 _a9785892081115
_91000
021 _aRU
_b2013-32622
_92236
035 _a(NLR Aleph) 002023809
090 _a4517339
_c4517339
100 _a20131026d2012 u||y0rusy50 ca
101 2 _apol
_arus
_epol
_erus
_erus
102 _aRU
105 _ay |||||||||
200 1 _aИнтенсивная терапия
_eизбранная поэзия 1956-2010
_fМарек Скварницкий
_g[пер., предисл. и примеч.: Елена Твердислова]
210 _aМосква
_cИзд-во Францисканцев
_d2012
215 _a145, [5] с.
_d22
225 1 _aСерия "Польская христианская поэзия"
_fредкол.: Игорь Баранов [и др.]
300 _aНа тит. л. также: Wybór poezji 1956-2010/ Marek Skwarnicki
300 _aТекст парал. на пол. и рус. яЗ.
517 1 _6z22790
_aWybór poezji 1956-2010
_zpol
686 1 _aШ6(4П)77-5я44(Лх1129-175)
700 1 _aСкварницкий
_bМ.
_gМарек
_4070
790 1 _6z22517
_aSkwarnicki
_bM.
_fMarek
_4070
801 0 _aRU
_bNLR
_c20130524
_gRCR
801 1 _aRU
_bNLR
_c20130524
942 _cBOOK
980 _aNBR